01586nas a2200409 i 450000100060000000300080000600500170001400600190003100700150005000800410006502200140010603500210012004000310014105000210017208000110019308200160020424500300022026400460025030000350029631000140033133600310034533700330037633800430040936200630045258801290051559001590064465000280080365000440083165000330087565000500090865500290095871000400098771000510102779700190107885600620109799900170115928013FlNmELB20241216220027.0m o d | cr cnu||||||||150922c20109999ag fr o 0 b0spa d a1575-8443 a(OCoLC)949151024 aFINmELBbspaerdacFINmELB 4aQH332bP467 2010 a17:5730 a174.95722300aPerspectivas bioéticas. 1aBuenos Aires :bEditorial Nobuko,c[2010] a1 recurso en línea (volumen) aSemestral atextobtxt2rdacontent/spa acomputadorabc2rdamedia/spa arecurso en líneabcr2rdacarrier/spa1 aAño 15, número 28-29 (primer y segundo semestre 2010)- aDescripción basada en recurso en línea; Título de la página del título en PDF (e-libro, visto September 22, 2015). aRecurso electronico. Santa Fe, Arg. : e-libro, 2014. Disponible via World Wide Web. El acceso puede ser limitado para las bibliotecas afiliadas a e-libro. 0aBioethicsvPeriodicals. 4aBioéticavPublicaciones periódicas. 0aMedical ethicsvPeriodicals. 4aÉtica médicavPublicaciones periódicas. 4aRevistas electrónicas.2 aFLACSO, Sede Académica Argentina.2 aFacultad Latinoamericana de Ciencias Sociales.2 ae-libro, Corp.40uhttps://elibro.net/ereader/politecnicointernacional/83155 c28013d28013